000 00478nam a2200169Ia 4500
999 _c10002
_d10002
008 200103s 1963 ||||xx |||||||||||||| ||und||
082 _a621.3
_bCRA
100 _aCraven, A. T.
245 0 _aElectricity and magnetism for electrical engineers
260 _bSir Isaac Pitman & Sons Ltd.
_c1963
_aLondon
300 _axv, 462 p.: ill.
504 _aIncludes index
650 _aMagnetism
650 _aElectricity
650 _aElectrical engineering
942 _cBK